000 00906nam a2200241 a 4500
001 39056
003 BD-RjUL
005 20211209052916.0
008 160404b2002 bg ||||e |||| 00| 0 ben d
020 _a9840742240
_cTk.100.00
035 _a(BD-RjUL)39167
040 _aBD-RjUL
_bben
_cBD-RjUL
041 _aben
082 _223
_a891.443
_bSHB 2002
100 _aশামীম,গিয়াস.
_9120554
245 _aবাংলাদেশের আঞ্চলিক উপন্যাস/
_cগিয়াস শামীম
260 _aঢাকা:
_bবাংলা একাডেমী,
_c২০০২
300 _a[দশ], ১৮১ পৃ.
_c২২ সেমি.
504 _aগ্রন্থপঞ্জি ও নির্ঘন্ট সংযুক্ত
650 _aবাংলা উপন্যাস
_9120555
650 _aBengali Novel
_9119335
942 _2ddc
_cBK
_02
999 _c39056
_d39056